000
00344nam a2200133Ia 4500
008
160319s9999 xx 000 0 und d
245
4
_a
The Sound of Music /
245
_c
A Rodgers & Hammerstein Organization Production.
260
_b
BMG Music.
260
_c
1995
300
_a
1 sound disc :
300
_b
digital :
300
_c
4 3/4 in.
999
_c
292757
_d
292757